<?xml version="1.0" encoding="UTF-8"?>
<collection xmlns="http://www.loc.gov/MARC21/slim">
 <record>
  <leader>01356nam a22002057a 4500</leader>
  <controlfield tag="001">NCT_4_019012</controlfield>
  <controlfield tag="008">250512b        xxu||||| |||| 00| 0 vie d</controlfield>
  <datafield tag="999" ind1=" " ind2=" ">
   <subfield code="c">8922</subfield>
   <subfield code="d">8922</subfield>
  </datafield>
  <datafield tag="020" ind1=" " ind2=" ">
   <subfield code="a">9786044023168</subfield>
   <subfield code="c">179000</subfield>
  </datafield>
  <datafield tag="082" ind1="0" ind2="4">
   <subfield code="2">23rd ed.</subfield>
   <subfield code="a">658.4</subfield>
   <subfield code="b">L452</subfield>
  </datafield>
  <datafield tag="100" ind1="1" ind2=" ">
   <subfield code="a">Trần Lôi</subfield>
  </datafield>
  <datafield tag="245" ind1="1" ind2="0">
   <subfield code="a">OKR công cụ quản lý nhân sự chuyên nghiệp</subfield>
   <subfield code="c">Trần Lôi ; Nguyễn Tú Quyên (Dịch)</subfield>
  </datafield>
  <datafield tag="260" ind1=" " ind2=" ">
   <subfield code="a">H.</subfield>
   <subfield code="b">Dân trí ; 1980 Books</subfield>
   <subfield code="c">2024</subfield>
  </datafield>
  <datafield tag="300" ind1=" " ind2=" ">
   <subfield code="a">347 tr.</subfield>
   <subfield code="b">Minh họa</subfield>
   <subfield code="c">21cm</subfield>
  </datafield>
  <datafield tag="520" ind1="3" ind2=" ">
   <subfield code="a">Cung cấp giải pháp cho những vấn đề thường gặp trong quá trình triển khai OKR. Giúp thiết lập và phân tích mục tiêu hiệu quả, thực hiện OKR và cách thức các nhà quản lý ở mọi cấp có thể lãnh đạo, giao tiếp hiệu quả cả trong nội bộ lẫn các đối tác bên ngoài, động viên và đánh giá từng cá nhân, qua đó đạt hiệu quả cao nhất trong công tác quản lý</subfield>
  </datafield>
  <datafield tag="653" ind1=" " ind2=" ">
   <subfield code="a">Quản trị kinh doanh</subfield>
  </datafield>
  <datafield tag="700" ind1="1" ind2=" ">
   <subfield code="a">Nguyễn Tú Quyên</subfield>
   <subfield code="e">Dịch</subfield>
  </datafield>
  <datafield tag="942" ind1=" " ind2=" ">
   <subfield code="2">ddc</subfield>
   <subfield code="c">BK</subfield>
  </datafield>
  <datafield tag="952" ind1=" " ind2=" ">
   <subfield code="0">0</subfield>
   <subfield code="1">0</subfield>
   <subfield code="2">ddc</subfield>
   <subfield code="4">0</subfield>
   <subfield code="6">658_400000000000000_L452</subfield>
   <subfield code="7">0</subfield>
   <subfield code="9">30628</subfield>
   <subfield code="a">000001</subfield>
   <subfield code="b">000001</subfield>
   <subfield code="d">2025-05-12</subfield>
   <subfield code="o">658.4 L452</subfield>
   <subfield code="p">MD.23703</subfield>
   <subfield code="r">2025-05-12</subfield>
   <subfield code="v">179000.00</subfield>
   <subfield code="w">2025-05-12</subfield>
   <subfield code="y">BK</subfield>
  </datafield>
  <datafield tag="980" ind1=" " ind2=" ">
   <subfield code="a">Thư viện Trường Đại học Nam Cần Thơ</subfield>
  </datafield>
 </record>
</collection>
